1 & 2 Timothy and Titus: (Record no. 4511)

MARC details
000 -LEADER
fixed length control field 00540nam a22001817a 4500
003 - CONTROL NUMBER IDENTIFIER
control field GBCCL
005 - DATE AND TIME OF LATEST TRANSACTION
control field 20241126110520.0
008 - FIXED-LENGTH DATA ELEMENTS--GENERAL INFORMATION
fixed length control field 180123b xxu||||| |||| 00| 0 eng d
020 ## - INTERNATIONAL STANDARD BOOK NUMBER
International Standard Book Number 0802444814
040 ## - CATALOGING SOURCE
Transcribing agency gbc
082 ## - DEWEY DECIMAL CLASSIFICATION NUMBER
Classification number 220.07
-- 227.83061
Item number JEN
100 ## - MAIN ENTRY--PERSONAL NAME
Personal name Jensen, Irving L.
9 (RLIN) 7323
245 ## - TITLE STATEMENT
Title 1 & 2 Timothy and Titus:
Remainder of title A self-study guide /
Statement of responsibility, etc. Irving L. Jensen
260 ## - PUBLICATION, DISTRIBUTION, ETC.
Name of publisher, distributor, etc. Moody Press,
Place of publication, distribution, etc. Chicago:
Date of publication, distribution, etc. 1973
300 ## - PHYSICAL DESCRIPTION
Extent 103 p.;
Other physical details ill.,
Dimensions 23 cm.
650 ## - SUBJECT ADDED ENTRY--TOPICAL TERM
Topical term or geographic name entry element Bible
Form subdivision 1&2 Timothy and Titus
General subdivision study and teaching
9 (RLIN) 9068
942 ## - ADDED ENTRY ELEMENTS (KOHA)
Source of classification or shelving scheme Dewey Decimal Classification
Koha item type Books
Holdings
Withdrawn status Lost status Source of classification or shelving scheme Damaged status Not for loan Home library Current Library Shelving location Date acquired Total checkouts Full call number Barcode Date last seen Copy number Price effective from Koha item type
    Dewey Decimal Classification     GRACE BIBLE COLLEGE GRACE BIBLE COLLEGE Biblical Studies 2018-01-23   220.07 JEN 005835 2025-05-01 c.1 2018-01-23 Books
© Grace Bible College Library 2025